Poemas / (Record no. 175829)

MARC details
000 -LEADER
campo de control de longitud fija 00768nam a22002535i 4500
001 - NÚMERO DE CONTROL
campo de control 175829
003 - IDENTIFICADOR DE NÚMERO DE CONTROL
campo de control ES-MaACL
005 - FECHA Y HORA DE LA ÚLTIMA TRANSACCIÓN
campo de control 20240430105750.0
008 - DATOS DE LONGITUD FIJA--INFORMACIÓN GENERAL
campo de control de longitud fija 101124s1976 sp |||| | spa d
020 ## - NÚMERO INTERNACIONAL ESTÁNDAR DEL LIBRO
Número Internacional Estándar del Libro 8426427049
080 ## - NÚMERO DE LA CLASIFICACIÓN DECIMAL UNIVERSAL
Número de la Clasificación Decimal Universal 821.112.2-14"18"
100 0# - ENTRADA PRINCIPAL--NOMBRE DE PERSONA
Nombre de persona Heine, Heinrich.
9 (RLIN) 62371
245 10 - MENCIÓN DEL TÍTULO
Título Poemas /
Mención de responsabilidad, etc. Heinrich Heine ; selección y traducción Feliu Formosa ; dibujos de Todó.
250 ## - MENCION DE EDICION
Mención de edición 1ª ed.
260 ## - PUBLICACIÓN, DISTRIBUCIÓN, ETC.
Lugar de publicación, distribución, etc. Barcelona :
Nombre del editor, distribuidor, etc. Lumen,
Fecha de publicación, distribución, etc. 1976.
300 ## - DESCRIPCIÓN FÍSICA
Extensión 104, [5] p. ;
Dimensiones 21 cm.
490 1# - MENCIÓN DE SERIE
Mención de serie El bardo ;
Designación de volumen o secuencia 104
700 1# - ENTRADA AGREGADA--NOMBRE PERSONAL
Nombre de persona Formosa, Feliu,
Fechas asociadas al nombre 1934-
9 (RLIN) 51759
700 1# - ENTRADA AGREGADA--NOMBRE PERSONAL
Nombre de persona Todó.
9 (RLIN) 144056
830 0# - PUNTO DE ACCESO ADICIONAL DE SERIE-TÍTULO UNIFORME
Título uniforme El Bardo (Batlló, José) ;
Designación de volumen o secuencia 104
9 (RLIN) 235922
852 ## - LOCALIZACIÓN
Ubicación ES-MaACL
Número de control de estantería E-13654
Encuadernación Olim P-361-Ter
942 ## - ELEMENTOS DE ENTRADA SECUNDARIOS (KOHA)
Fuente del sistema de clasificación o colocación Clasificación decimal universal
Holdings
Estatus retirado Estado de pérdida Estado de daño No para préstamo Biblioteca de origen Biblioteca actual Ubicación en estantería Fecha de adquisición Fuente de adquisición Total de préstamos Signatura topográfica completa Código de barras Visto por última vez Precio de reemplazo Tipo de ítem Koha
        Biblioteca del Ateneo de Madrid Biblioteca del Ateneo de Madrid Depósito 2 24/11/2010     E-13654 1184643 23/02/2023 23/02/2023 Libro impreso